000
00279nam a2200121 a 4500
008
101210s1953|||| d
100
1
_a
Novikov, Alexej
245
1
0
_a
Zrodenie muzikanta
260
_b
SVKL
_a
Bratislava
_c
1953
020
_c
35,90
041
_a
slo
044
_a
xo
_c
SK
999
_c
15129
_d
15129